000 00784nam a2200229 a 4500
001 47964
003 BD-RjUL
005 20211209054430.0
008 160811s1995 bg ||||| |||| 00| f ben d
020 _a9845600166
_c: Tk. 50.00
035 _a(BD-RjUL)48083
040 _aBD-RjUL
_bben
_cBD-RjUL
041 _aben
082 _223
_a891.443
_bHAR 1995
100 _aহক, হাসান আজিজুল
_9145525
245 1 0 _aরোদে যাবো /
_cহাসান আজিজুল হক
260 _aঢাকা :
_bজাতীয়গ্রন্থ প্রকাশন,
_c১৯৯৫
300 _a৭৯ পৃ. ;
_c২১ সেমি.
650 _aবাংলা উপন্যাস
_9145526
650 _aBengali Fiction
_9145527
942 _2ddc
_cBK
999 _c47964
_d47964